000 00912nam a2200253 a 4500
001 000030216
003 OSt
005 20240412074254.0
008 110504s2008 dr a 000 j spa d
040 _aDO-SdBNP
_bspa
_cBNPHU
082 _aRD863.5
_bM475j
100 1 _aMaza Miquel, Manuel Pablo
_952777
245 1 0 _aJóvenes entre montantes y faros :
_bejercicios para aprender a orientarse por las estrellas, porque para el viaje de la vida, no hay mapas. /
_cManuel Pablo Maza Miquel, SJ.
260 _aSanto Domingo :
_bComunidad de Vida Cristiana,
_c2008.
_eAmigo del Hogar
300 _a60 p. :
_bil. ;
_c22 cm.
490 1 _aApuntes
590 _aInventariado, 2020/ YL
650 0 _aCuentos dominicanos
_9176
650 0 _aLiteratura dominicana.
_967
650 4 _aCristianismo en la literatura
_948634
830 0 _aApuntes
_956347
910 _aValidado. Control de calidad EMS
942 _2ddc
_cLBS1
999 _c29708
_d29708